UBT Library

Case studies in abnormal psychology / (Record no. 44310)

000 -LEADER
fixed length control field 00795cam a22002414a 4500
001 - CONTROL NUMBER
control field 12419968
005 - DATE AND TIME OF LATEST TRANSACTION
control field 20180307074136.0
008 - FIXED-LENGTH DATA ELEMENTS--GENERAL INFORMATION
fixed length control field 010524s2002 nyu b 001 0 eng
010 ## - LIBRARY OF CONGRESS CONTROL NUMBER
LC control number 2001026739
020 ## - INTERNATIONAL STANDARD BOOK NUMBER
International Standard Book Number 0716738546 (pbk.)
040 ## - CATALOGING SOURCE
Original cataloging agency DLC
Transcribing agency DLC
Modifying agency DLC
041 ## - LANGUAGE CODE
Language code of text/sound track or separate title eng
042 ## - AUTHENTICATION CODE
Authentication code pcc
080 ## - UNIVERSAL DECIMAL CLASSIFICATION NUMBER
Universal Decimal Classification number 616.8909 GOR
082 00 - DEWEY DECIMAL CLASSIFICATION NUMBER
Classification number 616.8909 GOR
Edition number 21
100 1# - Rafti
Rafti 49
101 ## - Shkurtesa
Shkurtesa PSI
245 10 - TITLE STATEMENT
Title Case studies in abnormal psychology /
Statement of responsibility, etc Ethan E. Gorenstein, Ronald J. Comer.
504 ## - BIBLIOGRAPHY, ETC. NOTE
Bibliography, etc Includes bibliographical references (p. [302]-320) and index.
906 ## - LOCAL DATA ELEMENT F, LDF (RLIN)
a 7
b cbc
c orignew
d 1
e ocip
f 19
g y-gencatlg
942 ## - ADDED ENTRY ELEMENTS (KOHA)
Source of classification or shelving scheme
Item type Books
Holdings
Withdrawn status Lost status Source of classification or shelving scheme Damaged status Not for loan Collection code Permanent location Current location Shelving location Date acquired Total Checkouts Full call number Barcode Date last seen Price effective from Koha item type
          Koleksioni i përgjithshem UBT - Lipjan UBT - Lipjan Koleksioni i përgjithshem 03/07/2018   616.8909 GOR 002-3001261 03/07/2018 03/07/2018 Books
UBT Library © 2015-2024. All rights reserved University Education for Business and Technology